[Event "Szkolne Indywidualne Mistrzostwa Polski w szachach - open do lat 13 (C-13)"]
[Site "Pokrzywna"]
[Date "1899-12-30"]
[Round "7.4"]
[White "Zieba, Hubert"]
[Black "Bochenek, Ryszard"]
[Result "0-1"]
[WhiteTitle "I"]
[BlackTitle "II"]
[WhiteElo "1443"]
[BlackElo "1376"]

1. c4 Nf6 2. Nf3 g6 3. g3 Bg7 4. Bg2 O-O 5. O-O d6 6. Nc3 e5 7. d4 Nc6 8. dxe5
dxe5 9. a3 Be6 10. c5 a5 11. Qc2 Qe7 12. Be3 Ng4 13. Qc1 Nxe3 14. Qxe3 Nd4 15.
Rac1 Qxc5 16. Ne4 Qb5 17. Nxd4 exd4 18. Qd2 Bc4 19. Rfe1 Rfe8 20. Qc2 Bd5 21.
Nc5 Bxg2 22. Kxg2 Qc6+ 23. Kg1 Bh6 24. f4 Rac8 25. Nd3 Qd5 26. Qc5 Qxc5 27. Rxc5
b6 28. Rc4 c5 29. Kf1 Bf8 30. Rec1 b5 31. R4c2 c4 32. Ne1 Bg7 33. a4 c3 34. bxc3
dxc3 35. axb5 Rc5 36. Rb1 Rb8 37. b6 Rc6 38. b7 Rc7 39. Ra2 Rcxb7 40. Rxb7 Rxb7
41. Rxa5 h6 42. Ra2 Kh7 43. Rc2 g5 44. e3 Kg6 45. Kf2 Kf5 46. Kf3 g4+ 47. Ke2
Ke4 48. Nd3 Rb5 49. Nf2+ Kd5 50. e4+ Kc4 51. Nxg4 Bd4 52. h4 Rb2 53. Kd1 Rb1+
54. Rc1 Rxc1+ 55. Kxc1 Kb3 0-1

[Event "Szkolne Indywidualne Mistrzostwa Polski w szachach - open do lat 13 (C-13)"]
[Site "Pokrzywna"]
[Date "1899-12-30"]
[Round "7.5"]
[White "Czak, Dominik"]
[Black "Kucharski, Sylwester"]
[Result "1-0"]
[WhiteTitle "II"]
[BlackTitle "II"]
[WhiteElo "1262"]
[BlackElo "1369"]

1. d4 c6 2. c4 d5 3. Nc3 Nf6 4. Nf3 Bf5 5. Bg5 h6 6. Bxf6 exf6 7. Qb3 Qd7 8. cxd5
cxd5 9. Qxd5 Bd6 10. Qb3 O-O 11. e3 a6 12. Be2 b5 13. a3 Nc6 14. e4 Bg6 15. O-O
Rae8 16. d5 Ne5 17. Nxe5 Bxe5 18. f3 Bd4+ 19. Kh1 Qd6 20. Qb4 Bc5 21. Qb3 Bb6
22. a4 Bc7 23. g3 b4 24. Na2 Rb8 25. Qc4 Rb6 26. Rac1 Rc8 27. a5 Rb5 28. Qc6 Qxc6
29. Rxc6 Rbb8 30. Bxa6 b3 31. Nc3 f5 32. Bxc8 Rxc8 33. d6 fxe4 34. fxe4 Rd8 35.
dxc7 Rd2 36. c8=Q+ Kh7 37. Rb1 Rc2 38. Rc4 1-0